000 00875nam a22002897a 4500
003 CHAP
005 20220329141058.0
008 971013s1989 r 00010 d
010 _a62291
011 _a63263
035 _a67439
040 _cCHAP
082 _a512.897
_bF7Y
100 0 0 _aFraleigh, John B.
_942866
245 _aAlgebra lineal
260 _aBuenos Aires :
_bAddison-Wesley Iberoamericana,
_c1989
300 _a499 p.
_b: ilus. ; gráfs.
590 _aBATCH-UPD
_b10
_c20130110
_lUCH01
_h0519
590 _aBATCH-UPD
_b10
_c20130410
_lUCH01
_h0158
590 _aBATCH-UPD
_b10
_c20130914
_lUCH01
_h0550
590 _aCONVERSION
_b10
_c20130109
_lUCH01
_h1333
650 1 4 _aÁlgebra lineal.
_982392
700 0 _aBeauregard, Raymond A.
_911097
901 _aBK
942 _cLIBRO
949 _a512.897 F7Y
_bBC
_cLIBRO
_d33724000633145
_eLIBRO
_h91859
_i67439
_mD
_so
999 _c62291
_d62291